000 00761nam a2200277 i 4500
001 bg
100 1 _aWATCYN-JONES, Peter.
245 0 0 _aTest your idioms /
_cPeter Watcyn-Jones.
250 _a6th impr.
260 _aHarlow :
_bPearson Education,
_c2006.
300 _a154 s. :
_brys. ;
_c21 cm.
490 1 _aTest Your
650 9 _aJęzyk angielski
_xfrazeologia
655 _aĆwiczenia i zadania
830 _aTest Your
020 _a0582451736
020 _a9780582451735
040 _cBPK
041 0 _aeng
080 _a811.111'373.72
920 _a0-582-45173-6
920 _a978-0-582-45173-5
942 _cKS
008 s pl f |000 0 pol
999 _c52141
_d52141